They used to be called what? Quiz Stats

 Plays Quiz not verified by Sporcle

Score 0/22 Timer 05:00
0 Plays Today
% Correct
Thailand
92.2%
Guinea-Bissau
88.8%
Iraq
86.6%
Kyrgyzstan
86.4%
Bangladesh
85.1%
Democratic Republic of the Congo
84.4%
Sri Lanka
82.9%
Burundi
81.6%
Cambodia
79.7%
Switzerland
75.6%
Ethiopia
75.4%
% Correct
Ghana
71.1%
Philippines
67.4%
Australia
64.4%
Vanuatu
59%
Ukraine
56.2%
Burkina Faso
54%
Lesotho
52.3%
Malawi
51%
Benin
49.5%
Central African Republic
49.2%
Bahrain
43.4%

You're not logged in!

Compare scores with friends on all Sporcle quizzes.
OR
Log In

You Might Also Like...

Show Comments

Extras

Top Quizzes Today


Score Distribution

Your Account Isn't Verified!

In order to create a playlist on Sporcle, you need to verify the email address you used during registration. Go to your Sporcle Settings to finish the process.

Report this User

Report this user for behavior that violates our Community Guidelines.

Details: